000 01673cas a2200421 a 4500
001 11379241
003 ASAB
005 20180827062648.0
008 910814c19uu9999et qr p b 0 0eng
010 _a 90982153
020 _a9789383305490
037 _bLibrary and Documentation Services, International Livestock Centre for Africa, P.O. Box 5689, Addis Ababa, Ethiopia.
040 _aDLC
_beng
_cASAB
_dOCLCQ
_dOCLCF
_dOCLCO
_dOCLCQ
041 0 _aeng
_afre
_ager
042 _apcc
050 0 0 _aZ5074.L7
_bA52
_aSF105
082 0 0 _a636.08/2
_220
245 0 0 _aAnimal breeding and genetics.
_cC.V. Singh
260 _anew delhi
_bnew india publication agency:
_c2015
300 _a344 p
310 _aQuarterly
546 _aChiefly in English; some also in French and German.
590 _aSERBIB/SERLOC merged record
650 0 _aLivestock
_xBreeding
_xPeriodicals
_vBibliography
_vPeriodicals.
_92022
650 0 _aLivestock
_xGenetics
_xPeriodicals
_vBibliography
_vPeriodicals.
_92023
650 0 _aAnimal breeding
_xPeriodicals
_vBibliography
_vPeriodicals.
_92024
650 0 _aAnimal genetics
_xPeriodicals
_vBibliography
_vPeriodicals.
_92025
650 7 _aAnimal breeding
_xPeriodicals.
_2fast
_92026
650 7 _aAnimal genetics
_xPeriodicals.
_2fast
_92027
650 7 _aLivestock
_xBreeding
_xPeriodicals.
_2fast
_92028
650 7 _aLivestock
_xGenetics
_xPeriodicals.
_2fast
_92029
655 7 _aBibliography.
_2fast
_92030
655 7 _aPeriodicals.
_2fast
_92031
710 2 _aInternational Livestock Centre for Africa.
_bLibrary & Documentation Services.
_92032
906 _a7
_bcbc
_cserials
_d2
_encip
_f19
_gn-oclcserc
942 _2ddc
_cBK
999 _c480165
_d480165